LDR 01351nam a2200277 4500 001 000000367979 003 CaOOAMICUS 005 20260605100525.0 008 260605s1986 fr 000 u fre r 020 $a2-8309-0075-8 040 $aSeMil$bita 245 00$aConfessions et catechismes de la foi reformée /$cédités par Olivier Fatio ; avec la collaboration de Pierre Fraenkel ... [et al.] ; et introduits par Gabriel Widmer. 264 1$aGenève :$bLabor et Fides,$c1986. 300 $a373 p. ;$c23 cm 490 1 $aPublications de la Faculté de théologie de l'Université de Genève ;$v11 700 1 $aFatio, Olivier,$d<1942- >.$0(OLS)http://semarc/name/22402 700 1 $aFraenkel, Pierre.$0(OLS)http://semarc/name/124492 700 1 $aWidmer, Gabriel Philippe,$d<1923-2013>.$0(OLS)http://semarc/name/30691 830 0$aPublications de la Faculte de théologie de l'Université de Genève ;$v11.$0(OLS)http://semarc/title/38512 850 $aSeMil 852 $aSeMil$W1$xVenegono$y1$B258633$CSeMilBibl$Z2$F258633 $81 961 $aBuzzi mons. Franco - Omaggio 996 $6020$a2-8309-0075-8$9(OLS)http://semarc/number/306031 996 $6245$aConfessions et catechismes de la foi reformée$9(OLS)http://semarc/title/460015 996 $6264$aGenève :$bLabor et Fides$9(OLS)http://semarc/publisher/31164